Ảnh hưởng của nhiệt độ và độ mặn đến tỷ lệ sống và sinh trưởng của sò huyết ( Anadara granosa ) Luận văn tốt nghiệp cao hoc: chuyên ngành nuôi trồng thuỷ sản

Nghiên cứu ảnh hưởng của nhiệt độ và độ mặn đến tỷ lệ sống và sinh trưởng của sò huyết nhằm từng bước tìm hiểu rõ hơn những tác động của các yếu tố thuỷ lý đến sinh trưởng và tỷ lệ sống của sò huyết, đóng góp thêm thông tin...

Full beskrivning

Sparad:
Bibliografiska uppgifter
Huvudupphovsman: Nguyễn, Văn Mẫn
Materialtyp: Bok
Språk:Undetermined
Publicerad: Cần Thơ Trường Đại Học Cần Thơ 2013
Ämnen:
Taggar: Lägg till en tagg
Inga taggar, Lägg till första taggen!
Thư viện lưu trữ: Trung tâm Học liệu Trường Đại học Cần Thơ
LEADER 01377nam a2200205Ia 4500
001 CTU_183736
008 210402s9999 xx 000 0 und d
082 |a 639.48 
082 |b M121 
100 |a Nguyễn, Văn Mẫn 
245 0 |a Ảnh hưởng của nhiệt độ và độ mặn đến tỷ lệ sống và sinh trưởng của sò huyết ( Anadara granosa ) 
245 0 |b Luận văn tốt nghiệp cao hoc: chuyên ngành nuôi trồng thuỷ sản 
245 0 |c Nguyễn, Văn Mẫn ; GVHD: Ngô Thị Thu Thảo 
260 |a Cần Thơ 
260 |b Trường Đại Học Cần Thơ 
260 |c 2013 
520 |a Nghiên cứu ảnh hưởng của nhiệt độ và độ mặn đến tỷ lệ sống và sinh trưởng của sò huyết nhằm từng bước tìm hiểu rõ hơn những tác động của các yếu tố thuỷ lý đến sinh trưởng và tỷ lệ sống của sò huyết, đóng góp thêm thông tin phục vụ quá trình ương nuôi làm tăng năng suất và tăng thu nhập cho người nuôi. 
650 |a Kỹ thuật nuôi sò huyết,Oysters,Anadara granosa 
910 |a Nguyên (Kim Thị Ngọc Yến) 
980 |a Trung tâm Học liệu Trường Đại học Cần Thơ